书目信息 |
| 题名: |
祝你健美
|
|
| 作者: | 范正祥 主编 | |
| 分册: | ||
| 出版信息: | 北京 中国青年出版社 1982 |
|
| 页数: | 255页 | |
| 开本: | 19cm | |
| 丛书名: | 青年修养通讯 | |
| 单 册: | ||
| 中图分类: | D432.64 | |
| 科图分类: | ||
| 主题词: | 青年--生活--问题--中国 | |
| 电子资源: | ||
| ISBN: | ||
| 000 | 00691nam0 2200253 45 | |
| 001 | 0182005262 | |
| 005 | 20050328163705.2 | |
| 010 | @dCNY0.54 | |
| 091 | @a7009.270 | |
| 100 | @a19950523d1982 em y0chiy0121 ea | |
| 101 | 0 | @achi |
| 102 | @aCN@b110000 | |
| 105 | @ay z 000yy | |
| 200 | 10 | @a祝你健美@Azhu ni jian mei@f范正祥主编@FFan Zheng Xiang Zhu Bian |
| 210 | @a北京@c中国青年出版社@d1982 | |
| 215 | @a255页@d19cm | |
| 225 | @a青年修养通讯@h之十 | |
| 410 | @12001 @a青年修养通讯 | |
| 606 | 0 | @a青年@x生活@x问题@x中国 |
| 690 | @aD432.64@v3 | |
| 701 | 0 | @a范正祥@4主编 |
| 801 | 0 | @aCN@b上海图书馆@c20040421 |
| 801 | 2 | @aCN@bNLC@c20040421 |
| 905 | @dD432.64@e141:10@f1@b63933 | |
| 祝你健美/范正祥主编.-北京:中国青年出版社,1982 |
| 255页;19cm.-(青年修养通讯.之十) |
| ISBN :CNY0.54 |
| ● |
| 相关链接 |
|
|
|
|
正题名:祝你健美
索取号:D432.64/141:10
 
预约/预借
| 序号 | 登录号 | 条形码 | 馆藏地/架位号 | 状态 | 备注 |
| 1 | 0063933 | 002030974 | 第一样本阅览室/ [索取号:D432.64/141:10] | 在馆 | |
| 2 | 0063934 | 000481017 | 第一借阅区/ [索取号:D432.64/141:10] | 在馆 |